KOHA-Header-6

Operations Management (Record no. 9713)

000 -LEADER
fixed length control field 00259nam a2200109Ia 4500
100 ## - MAIN ENTRY--AUTHOR NAME
Personal name Jay Heizer
245 #0 - TITLE STATEMENT
Title Operations Management
260 ## - PUBLICATION, DISTRIBUTION, ETC. (IMPRINT)
Place of publication Canada
Name of publisher Tata McGraw Hill
Year of publication 1995
300 ## - PHYSICAL DESCRIPTION
Number of Pages 364
942 ## - ADDED ENTRY ELEMENTS (KOHA)
Koha item type Books
Holdings
Withdrawn status Lost status Permanent Location Current Location Date acquired Full call number Accession Number Koha item type
    MAJU MAJU 2019-09-14 604.2 5633 Books

Powered by Koha